Theory and Problems of Vector Analysis and an Introduction to Tensor Analysis (Record no. 7499)
[ view plain ]
| 000 -LEADER | |
|---|---|
| fixed length control field | 00503 a2200157 4500 |
| 040 ## - CATALOGING SOURCE | |
| Original cataloging agency | DLC |
| Language of cataloging | DLC |
| 082 ## - DEWEY DECIMAL CLASSIFICATION NUMBER | |
| Classification number | 512.89 SPI |
| 100 ## - MAIN ENTRY--PERSONAL NAME | |
| Personal name | Spiegel, Murray R. |
| 245 ## - TITLE STATEMENT | |
| Title | Theory and Problems of Vector Analysis and an Introduction to Tensor Analysis |
| Statement of responsibility, etc. | Murray R. Spiegel |
| 250 ## - EDITION STATEMENT | |
| Edition statement | SI (METRIC) ed. |
| 260 ## - PUBLICATION, DISTRIBUTION, ETC. | |
| Place of publication, distribution, etc. | Islamabad : |
| Name of publisher, distributor, etc. | National Book Foundation. |
| 300 ## - PHYSICAL DESCRIPTION | |
| Extent | 225 p. : |
| Other physical details | ill. ; |
| Dimensions | 28 cm. |
| 500 ## - GENERAL NOTE | |
| General note | Includes Index |
| 650 ## - SUBJECT ADDED ENTRY--TOPICAL TERM | |
| Topical term or geographic name entry element | Vector analysis.2.Calculus of tensor. |
| 942 ## - ADDED ENTRY ELEMENTS (KOHA) | |
| Koha item type | Book |
| Call number prefix | 512.89 SPI |
| Source of classification or shelving scheme | |
| Withdrawn status | Lost status | Damaged status | Not for loan | Collection code | Permanent Location | Current Location | Shelving location | Date acquired | Source of acquisition | Total Checkouts | Total Renewals | Full call number | Barcode | Date last seen | Date last checked out | Price effective from | Koha item type | Source of classification or shelving scheme |
|---|---|---|---|---|---|---|---|---|---|---|---|---|---|---|---|---|---|---|
| Central Library (CL) | Central Library (CL) | General Stacks | 01/03/2008 | Donation | 1 | 2 | 512.89 SPI | SEECS006876 | 12/12/2023 | 10/11/2023 | 01/05/2017 | Book | ||||||
| Central Library (CL) | Central Library (CL) | General Stacks | 01/03/2008 | Donation | 2 | 512.89 SPI | SEECS006873 | 04/04/2024 | 08/25/2023 | 01/05/2017 | Book | |||||||
| Central Library (CL) | Central Library (CL) | General Stacks | 01/03/2008 | Donation | 1 | 512.89 SPI | SEECS006874 | 02/08/2025 | 09/20/2024 | 01/05/2017 | Book | |||||||
| Central Library (CL) | Central Library (CL) | General Stacks | 01/03/2008 | Donation | 512.89 SPI | SEECS006877 | 11/14/2012 | 01/05/2017 | Book | |||||||||
| Central Library (CL) | Central Library (CL) | General Stacks | 01/03/2008 | Donation | 1 | 2 | 512.89 SPI | SEECS006875 | 01/27/2025 | 09/20/2024 | 01/05/2017 | Book | ||||||
| Central Library (CL) | Central Library (CL) | General Stacks | 01/03/2008 | Donation | 1 | 1 | 512.89 SPI | SEECS006872 | 09/05/2025 | 03/04/2023 | 01/05/2017 | Book | ||||||
| Central Library (CL) | Central Library (CL) | 09/09/2020 | 2 | 512.89 SPI | RCMS000805 | 11/07/2023 | 10/17/2023 | 09/09/2020 | Book |
